| 000 | 00657nam a2200181 a 4500 | ||
|---|---|---|---|
| 001 | 000041537 | ||
| 005 | 20201002035628.0 | ||
| 008 | 131009s201u dr a 000 0 spa d | ||
| 040 |
_aDO-SdBNP _bspa _cBNPHU |
||
| 082 |
_axxxx _bxxx |
||
| 100 | 1 |
_aPeréz, Andrés Gustavo _968268 |
|
| 245 | 1 | 0 |
_aManual básico de electrocardiografía : _bveinte años en veinte capítulos / _cAndrés Gustavo Peréz. |
| 260 |
_a[Santo Domingo], : _b[s.d.], _c[201u]. |
||
| 300 |
_a124 p. ; : _bil. ; _c20 cm. |
||
| 500 | _aIncluye datos biografícos del autor | ||
| 504 | _aBibliografía p: 121-122 | ||
| 590 | _aLa biblioteca posee tres ejemplares autografíados por el autor | ||
| 999 |
_c41027 _d41027 |
||